000 00478cam a2200145 4500500
005 20251012003927.0
041 _afre
042 _adc
100 1 0 _aGilson, Martha
_eauthor
245 0 0 _aLa Brasserie de la Pleine LuneĀ : savoir vieillir avec son outil de production
260 _c2020.
500 _a1
786 0 _nSilence | 493 | 11 | 2020-09-09 | p. 10-11 | 0756-2640
856 4 1 _uhttps://shs.cairn.info/revue-silence-2020-11-page-10?lang=fr&redirect-ssocas=7080
999 _c1513616
_d1513616